Tribhuvan University Central Library

Brock biology of microorganisms. (Record no. 82662)

MARC details
000 -LEADER
fixed length control field 00577nam a22002297a 4500
008 - FIXED-LENGTH DATA ELEMENTS--GENERAL INFORMATION
fixed length control field 180405b xxu||||| |||| 00| 0 eng d
020 ## - INTERNATIONAL STANDARD BOOK NUMBER
International Standard Book Number 978-0-321-73551-5
082 ## - DEWEY DECIMAL CLASSIFICATION NUMBER
Classification number 576
Item number M265b
100 ## - MAIN ENTRY--PERSONAL NAME
Personal name Madigan, Michael T.
245 ## - TITLE STATEMENT
Title Brock biology of microorganisms.
250 ## - EDITION STATEMENT
Edition statement 13th ed.
260 ## - PUBLICATION, DISTRIBUTION, ETC.
Place of publication, distribution, etc. Boston:
Name of publisher, distributor, etc. Pearson,
Date of publication, distribution, etc. 2012
300 ## - PHYSICAL DESCRIPTION
Other physical details 1150p.; illus.
650 ## - SUBJECT ADDED ENTRY--TOPICAL TERM
Topical term or geographic name entry element Microorganisms
650 ## - SUBJECT ADDED ENTRY--TOPICAL TERM
Topical term or geographic name entry element Biology
650 ## - SUBJECT ADDED ENTRY--TOPICAL TERM
Topical term or geographic name entry element Biotechnology
650 ## - SUBJECT ADDED ENTRY--TOPICAL TERM
Topical term or geographic name entry element Parasitology
700 ## - ADDED ENTRY--PERSONAL NAME
Personal name Martinko, John
700 ## - ADDED ENTRY--PERSONAL NAME
Personal name Stahl, David
700 ## - ADDED ENTRY--PERSONAL NAME
Personal name Clark, David
942 ## - ADDED ENTRY ELEMENTS (KOHA)
Source of classification or shelving scheme Dewey Decimal Classification
Koha item type Text Book Collections
Holdings
Withdrawn status Lost status Source of classification or shelving scheme Damaged status Not for loan Home library Current library Date acquired Total Checkouts Full call number Barcode Date last seen Price effective from Koha item type Shelving location Total Renewals Date last checked out
    Dewey Decimal Classification     Tribhuvan University Central Library Tribhuvan University Central Library 04/05/2018   576 M265b 157615 04/05/2018 04/05/2018 Text Book Collections      
    Dewey Decimal Classification     Tribhuvan University Central Library Tribhuvan University Central Library 04/05/2018 7 576 M265b 157616 03/09/2025 04/05/2018 General Collections New Building 11 02/21/2025